Birdflight : an illustrated study of birds' aerial mastery /

Bibliographic Details
Main Author: Burton, Robert, 1941-
Format: Book
Language:English
Published: New York : Facts on File, [1990]
Subjects:

MARC

Tag First Indicator Second Indicator Subfields
LEADER 00000cam a2200000 a 4500
001 in00001024521
005 20150928121126.0
008 891017c19901988nyua b 0010 eng
010 |a  89025970  
020 |a 0816024103 (alk. paper) :  |c $24.95 ($31.95 Can.) 
035 |a (OCoLC)20595748 
035 |9 AFF9022AM 
040 |a DLC  |c DLC  |d TXA  |d UtOrBLW 
049 |a TXAM 
050 0 0 |a QL698.7  |b .B87 1990 
082 0 0 |a 598.2/1852  |2 20 
100 1 |a Burton, Robert,  |d 1941- 
245 1 0 |a Birdflight :  |b an illustrated study of birds' aerial mastery /  |c Robert Burton ; foreword by Christopher Perrins. 
264 1 |a New York :  |b Facts on File,  |c [1990] 
264 4 |c ©1990 
300 |a 160 pages :  |b color illustrations ;  |c 28 cm. 
336 |a text  |b txt  |2 rdacontent 
337 |a unmediated  |b n  |2 rdamedia 
338 |a volume  |b nc  |2 rdacarrier 
500 |a "An Eddison-Sadd edition"--Title page verso. 
504 |a Includes bibliographical references (page 157) and index. 
650 0 |a Birds  |x Flight. 
740 0 |a Bird flight. 
999 |a MARS 
999 f f |s 5b3210c3-53b7-3d92-b5ab-1e1b3f50fca1  |i 75cfa3b7-10d4-34eb-8527-1b08178cfb62  |t 0 
952 f f |p normal  |a Texas A&M University  |b College Station  |c Sterling C. Evans Library  |d Evans: Library Stacks  |t 0  |e QL698.7 .B87 1990  |h Library of Congress classification  |i unmediated -- volume  |m A14822164372 
998 f f |a QL698.7 .B87 1990  |t 0  |l Evans: Library Stacks